Jednoduchosť v hodnotení úrovne riadenia zásob

Základné ukazovatele hodnotenia úrovne zásob. Príčiny a dôsledky pomalého obratu zásob. Zníženie strát vzniknutých nízkou obrátkovosťou zásob. Výpočet ukazovateľa miery obratu zásob. Činitele ovplyvňujúce obrátkovosť. Výpočet disponibilných zásob. Rentabilita zásob. Využitie metódy pri riadení zásob...

ver descrição completa

Na minha lista:
Detalhes bibliográficos
Autor principal: Majtán, Štefan
Formato: Capítulo de Livro
Idioma:eslovaco
Assuntos:
Tags: Adicionar Tag
Sem tags, seja o primeiro a adicionar uma tag!

MARC

LEADER 00000naa a2200000 4500
001 r022024
005 20230811094327.1
041 0 |a slo 
044 |a SK 
245 1 0 |a Jednoduchosť v hodnotení úrovne riadenia zásob  |c Štefan Majtán 
520 |a Základné ukazovatele hodnotenia úrovne zásob. Príčiny a dôsledky pomalého obratu zásob. Zníženie strát vzniknutých nízkou obrátkovosťou zásob. Výpočet ukazovateľa miery obratu zásob. Činitele ovplyvňujúce obrátkovosť. Výpočet disponibilných zásob. Rentabilita zásob. Využitie metódy pri riadení zásob. 
610 2 0 |a hospodárstvo podnikové 
610 2 0 |a zásoby 
610 2 0 |a ukazovatele rentability 
610 2 0 |a riadenie zásob 
610 2 0 |a ukazovatele kvantitatívne 
100 1 |a Majtán, Štefan